[Event "III Torneo Ruy Lopez 2009"]
[Site "Zafra, ESP"]
[Date "2009.06.13"]
[Round "1"]
[White "Cramling, Pia"]
[Black "Koneru, Humpy"]
[Result "1/2-1/2"]
[Input "5232"]
[WhiteClock "0:34:43"]
[WhiteElo "2528"]
[BlackElo "2612"]
[BlackClock "0:21:59"]

1. d4 Nf6 2. Nf3 e6 3. c4 Bb4+ 4. Nbd2 O-O 5. a3 Be7 6. g3 b6 7. Bg2 Bb7 8. 
O-O c5 9. b3 cxd4 10. Bb2 Qc7 11. Nxd4 Bxg2 12. Kxg2 Qb7+ 13. Kg1 Rd8 14. Re1 
Nc6 15. e4 Nxd4 16. Bxd4 d5 17. exd5 exd5 18. Qf3 Rd7 19. Re2 dxc4 20. Qxb7 
Rxb7 21. Nxc4 Rd8 22. Bb2 Kf8 1/2-1/2

[Event "III Torneo Ruy Lopez 2009"]
[Site "Zafra, ESP"]
[Date "2009.06.14"]
[Round "2"]
[White "Larino, David"]
[Black "Cramling, Pia"]
[Result "0-1"]
[WhiteElo "2473"]
[BlackElo "2511"]
[PlyCount "110"]
[EventDate "2009.??.??"]

1. d4 d5 2. Nf3 c6 3. e3 Bf5 4. c4 e6 5. Nc3 h6 6. Bd3 Bxd3 7. Qxd3 Nf6 8. O-O
Be7 9. Re1 O-O 10. b3 Nbd7 11. Bb2 Qa5 12. a3 Rad8 13. c5 Qc7 14. b4 e5 15. e4
dxe4 16. Nxe4 Nxe4 17. Qxe4 f5 18. Qe2 e4 19. Qc4+ Kh7 20. Ne5 Nxe5 21. dxe5
Qd7 22. Qb3 Qd5 23. Qh3 Bg5 24. Rab1 Bf4 25. Qh5 Bxe5 26. Rbd1 Qe6 27. Bxe5
Qxe5 28. Rxd8 Rxd8 29. Qf7 Rd2 30. g3 Qd5 31. Qe7 Qd3 32. Qe5 Qf3 33. Rf1 Re2
34. Qf4 Ra2 35. Qxf3 exf3 36. h4 Rxa3 37. Rd1 Ra4 38. Rb1 Kg6 39. b5 Rc4 40.
bxc6 bxc6 41. Ra1 Rxc5 42. Rxa7 Rc1+ 43. Kh2 Rf1 44. Ra2 Kh5 45. Rc2 g5 46.
hxg5 hxg5 47. Ra2 c5 48. Rc2 c4 49. Ra2 Rc1 50. Ra5 Rc2 51. Kg1 Kg4 52. Ra8 c3
53. Rc8 Rc1+ 54. Kh2 Rf1 55. Rc4+ Kh5 0-1

[Event "III Torneo Magistral Ruy Lopez 2009"]
[Site "Zafra, ESP"]
[Date "2009.06.15"]
[Round "3"]
[White "Cheparinov, Ivan"]
[Black "Koneru, Humpy"]
[Result "1-0"]
[WhiteElo "2678"]
[BlackElo "2612"]
[PlyCount "155"]
[EventDate "2009.??.??"]

1. e4 e5 2. Nf3 Nc6 3. Bb5 a6 4. Ba4 Nf6 5. O-O Be7 6. Re1 b5 7. Bb3 d6 8. c3
O-O 9. h3 Nb8 10. d4 Nbd7 11. Nbd2 Bb7 12. Bc2 Re8 13. Nf1 Bf8 14. Ng3 g6 15.
Bg5 h6 16. Bd2 Bg7 17. a4 c5 18. d5 c4 19. b4 cxb3 20. Bxb3 Nc5 21. c4 Qd7 22.
Ba5 Rec8 23. Bc2 Rab8 24. Nd2 Ba8 25. axb5 axb5 26. Qe2 Bf8 27. Reb1 bxc4 28.
Nxc4 Rxb1+ 29. Rxb1 Qe8 30. Bb4 Nfd7 31. Na5 Rb8 32. Nf1 Bb7 33. Ne3 Ba6 34.
Qd2 Qc8 35. Nc6 Ra8 36. Qc3 Bb7 37. Na5 Ba6 38. Kh2 Nd3 39. Nc6 N7c5 40. Bxd3
Bxd3 41. Rd1 Nxe4 42. Qxd3 Nxf2 43. Qf1 Nxd1 44. Qxd1 Qa6 45. Ng4 Kh8 46. Nf6
Qc4 47. Qf3 Ra1 48. Nxe5 Qxb4 49. Nxf7+ Kg7 50. Ne8+ Kg8 51. Nd8 Ra7 52. Nf6+
Kh8 53. Nc6 Qa4 54. Nd7 Bg7 55. Nf8 Rb7 56. Nxg6+ Kh7 57. Qf5 Qa8 58. Nce7 Rxe7
59. Nxe7+ Kh8 60. Ng6+ Kg8 61. Ne7+ Kh8 62. Ng6+ Kg8 63. Qe6+ Kh7 64. h4 Qa4
65. Qf5 Qe8 66. Nf4+ Kh8 67. Ng6+ Kg8 68. h5 Qf7 69. Nh4 Be5+ 70. Kh3 Qxd5 71.
Qg6+ Bg7 72. Nf5 Qb3+ 73. g3 Qb7 74. Nxh6+ Kf8 75. Qf5+ Ke8 76. Qe6+ Qe7 77.
Qxe7+ Kxe7 78. Nf5+ 1-0

[Event "III Torneo Magistral Ruy Lopez 2009"]
[Site "Zafra, ESP"]
[Date "2009.06.15"]
[Round "3"]
[White "Candelario, Manuel"]
[Black "Larino, David"]
[Result "1-0"]
[WhiteElo "2502"]
[BlackElo "2473"]
[PlyCount "69"]
[EventDate "2009.??.??"]

1. e4 e5 2. Nf3 Nc6 3. Bb5 Nd4 4. Nxd4 exd4 5. O-O c6 6. Bc4 Nf6 7. Qe2 d6 8.
e5 dxe5 9. Qxe5+ Be7 10. Re1 b5 11. Bb3 Bb7 12. d3 Qd7 13. Bg5 Kf8 14. c3 h6
15. Bf4 Rd8 16. Nd2 dxc3 17. Qxc3 c5 18. Qa5 g5 19. Be5 Qc6 20. Ne4 Rxd3 21.
Bc2 Bd8 22. Qxa7 Bb6 23. Qxb7 Qxb7 24. Bxf6 Rd5 25. Bxh8 f5 26. Nf6 Rd8 27.
Bxf5 Kf7 28. Rad1 Qa8 29. Nd7 Ba5 30. Be6+ Kg6 31. Ne5+ Kh7 32. Bf6 Rd4 33.
Bf5+ Kg8 34. Rxd4 cxd4 35. Rc1 1-0

[Event "III Torneo Magistral Ruy Lopez 2009"]
[Site "Zafra, ESP"]
[Date "2009.06.16"]
[Round "4"]
[White "Larino, David"]
[Black "Cheparinov, Ivan"]
[Result "1/2-1/2"]
[WhiteElo "2473"]
[BlackElo "2678"]
[PlyCount "89"]
[EventDate "2009.??.??"]

1. e4 c5 2. Nc3 d6 3. g3 Nc6 4. Bg2 g6 5. d3 Bg7 6. f4 b6 7. Nf3 Bb7 8. O-O Qd7
9. Be3 f5 10. d4 Nf6 11. d5 Nb4 12. Bh3 O-O 13. Ng5 h5 14. a3 Na6 15. Ne6 Ng4
16. Bxg4 hxg4 17. exf5 gxf5 18. Ne4 Nc7 19. Nxc7 Qxc7 20. Ng5 Rf6 21. c4 e6 22.
Nxe6 Rxe6 23. dxe6 Re8 24. Re1 Rxe6 25. Bf2 Bd4 26. Qa4 Bxf2+ 27. Kxf2 Be4 28.
Qd1 Qf7 29. Kg1 Qb7 30. Qd2 Qc6 31. Re3 Kf7 32. b3 b5 33. a4 b4 34. Rae1 Qa8
35. h3 gxh3 36. g4 fxg4 37. Qe2 Bd3 38. Qf2 Rxe3 39. Rxe3 Bf5 40. Qd2 a5 41.
Kh2 Qb7 42. Qb2 Qa8 43. Qd2 Qb7 44. Qb2 Qa8 45. Qd2 1/2-1/2

[Event "III Torneo Magistral Ruy Lopez 2009"]
[Site "Zafra, ESP"]
[Date "2009.06.16"]
[Round "4"]
[White "Cramling, Pia"]
[Black "Candelario, Manuel"]
[Result "1-0"]
[WhiteElo "2511"]
[BlackElo "2502"]
[PlyCount "97"]
[EventDate "2009.??.??"]

1. d4 g6 2. e4 Bg7 3. c4 d6 4. Nc3 e5 5. Nf3 Nc6 6. Bg5 f6 7. Be3 Nh6 8. h3 Nf7
9. d5 Ne7 10. c5 O-O 11. Rc1 f5 12. cxd6 cxd6 13. Ng5 Nxg5 14. Bxg5 fxe4 15.
Qd2 Bf6 16. h4 e3 17. Bxe3 Nf5 18. g3 Nd4 19. Bg2 Bg4 20. Bxd4 exd4 21. Ne4 d3
22. Qxd3 Qa5+ 23. Qd2 Qa6 24. b3 Rae8 25. Rc4 Bd7 26. O-O Bb5 27. Re1 Bd8 28.
Rcc1 Bb6 29. a4 Bd7 30. Bf1 Qa5 31. Qxa5 Bxa5 32. Re2 Bb6 33. Bg2 Re5 34. Ra2
Bh3 35. Bh1 a5 36. Nxd6 Ba7 37. Kh2 Bg4 38. Nc4 Rh5 39. f4 g5 40. fxg5 h6 41.
gxh6 Rxh6 42. d6 Rh5 43. Re1 Rhf5 44. Bg2 Rf2 45. Rxf2 Rxf2 46. Ne5 Be2 47. d7
Bb6 48. Kh3 Kf8 49. Ng6+ 1-0

[Event "III Torneo Magistral Ruy Lopez 2009"]
[Site "Zafra, ESP"]
[Date "2009.06.18"]
[Round "6"]
[White "Candelario, Manuel"]
[Black "Cheparinov, Ivan"]
[Result "1/2-1/2"]
[WhiteElo "2502"]
[BlackElo "2678"]
[PlyCount "91"]
[EventDate "2009.??.??"]

1. e4 c5 2. Nf3 e6 3. d4 cxd4 4. Nxd4 a6 5. Bd3 Ne7 6. Nc3 Nec6 7. Nde2 b5 8.
Be3 d6 9. O-O Nd7 10. f4 Be7 11. a3 Nc5 12. Kh1 O-O 13. Ng3 b4 14. axb4 Nxb4
15. Bc4 Nxe4 16. Ncxe4 d5 17. c3 Nc6 18. Bb5 Na5 19. Bd3 dxe4 20. Bxe4 Bb7 21.
Qa4 Bxe4 22. Nxe4 Nb7 23. Rfd1 Qc8 24. Qd7 Bh4 25. Qxc8 Rfxc8 26. Rd7 Nd8 27.
g3 Bf6 28. Nxf6+ gxf6 29. f5 exf5 30. Ra5 Ne6 31. Rxf5 Kg7 32. Rd2 Rd8 33. c4
Rxd2 34. Bxd2 Rc8 35. Ra5 Rxc4 36. Rxa6 Rc2 37. Bc3 Kg6 38. Rd6 f5 39. Rd2 Rc1+
40. Kg2 f4 41. Rf2 fxg3 42. Rf6+ Kg5 43. Rxf7 gxh2 44. Bd2+ Kg6 45. Bxc1 Kxf7
46. Kxh2 1/2-1/2